| 000 | 00500nam a2200193 a 4500 | ||
|---|---|---|---|
| 001 | 1772446937862 | ||
| 003 | YourLibrary | ||
| 005 | 20260302155320.0 | ||
| 008 | 260302s2010##################000#0#eng## | ||
| 020 | _a9780195387421 | ||
| 082 | 0 | 4 |
_a323.1196 _bJOH |
| 100 | 1 |
_aJohnson, Kimberley, _eauthor. |
|
| 245 | 1 | 0 | _aReforming Jim Crow : |
| 260 |
_bOxford University Press, _c2010. |
||
| 300 | _a337 pages | ||
| 650 | 0 | _aHistory. | |
| 942 | _cENGLISH | ||
| 040 |
_aYourLibrary _beng _cYourLibrary |
||
| 999 |
_c616467 _d616467 |
||